Normal view
MARC view
- REMYA N
Entry Personal Name
001 - CONTROL NUMBER
- control field: 2409
003 - CONTROL NUMBER IDENTIFIER
- control field: OSt
005 - DATE AND TIME OF LATEST TRANSACTION
- control field: 20171228161915.0
008 - FIXED-LENGTH DATA ELEMENTS
- fixed length control field: 171228|| aca||aabn | a|a d
040 ## - CATALOGING SOURCE
- Original cataloging agency: OSt
- Transcribing agency: OSt
100 ## - HEADING--PERSONAL NAME
- Personal name: REMYA N
670 ## - SOURCE DATA FOUND
- Source citation: Work cat.: (OSt)14959: REMYA N RENJI R ROOPESH M.S, Performance analysis of wet land paddy weeders
